Solutions (Multi Rom):
Saved in:
| Main Author: | |
|---|---|
| Format: | Book |
| Language: | Undetermined |
| Published: |
Oxford
Oxford University Press
2010
|
| Subjects: | |
| Tags: |
Add Tag
No Tags, Be the first to tag this record!
|
| Institutions: | Trung tâm Học liệu Trường Đại học Cần Thơ |
|---|
| LEADER | 00658nam a2200217Ia 4500 | ||
|---|---|---|---|
| 001 | CTU_183432 | ||
| 008 | 210402s9999 xx 000 0 und d | ||
| 082 | |a 428.0076 | ||
| 082 | |b F691/G7mCD | ||
| 100 | |a Kelly Paul | ||
| 245 | 0 | |a Solutions (Multi Rom): | |
| 245 | 0 | |c Paul Kelly | |
| 260 | |a Oxford | ||
| 260 | |b Oxford University Press | ||
| 260 | |c 2010 | ||
| 650 | |a English language,English language,Anh ngữ thực hành | ||
| 650 | |x Examinations,Textbooks for foreign speakers | ||
| 650 | |y Study guides | ||
| 904 | |i Cutter mã hóa theo tên sách | ||
| 910 | |a Nguyên | ||
| 980 | |a Trung tâm Học liệu Trường Đại học Cần Thơ | ||